Report writing /

Bibliographic Details
Main Author: Ball, John, 1920-
Other Authors: Williams, Cecil B. (Cecil Brown), 1901-
Format: Book
Language:English
Published: New York : Ronald Press Co., 1955.
Subjects:

MARC

Tag First Indicator Second Indicator Subfields
LEADER 00000cam a2200000 4500
001 in00000029337
005 20151007061457.0
008 751128s1955 nyua b 00010 eng
010 |a  55006813  
035 |a (OCoLC)01861832 
035 |9 AAD2203AM 
040 |a DLC  |c TNH  |d TXA  |d UtOrBLW 
049 |a TXAM  |c 1 [253996]  |c 2 [257975]  |c 3 [305260]  |c 4 [305262]  |c 5 [305264]  |c 6 [305265]  |c 7 [305266]  |c 8 [305267]  |c 9 [305268]  |c 10 [305269]  |c [377368] 
050 0 0 |a PE1478  |b .B3 
092 |a 808  |b B187r 
100 1 |a Ball, John,  |d 1920- 
245 1 0 |a Report writing /  |c by John Ball [and] Cecil B. Williams. 
264 1 |a New York :  |b Ronald Press Co.,  |c 1955. 
300 |a 407 pages :  |b illustrations ;  |c 23 cm. 
336 |a text  |b txt  |2 rdacontent 
337 |a unmediated  |b n  |2 rdamedia 
338 |a volume  |b nc  |2 rdacarrier 
504 |a Includes bibliography. 
650 0 |a Report writing. 
700 1 |a Williams, Cecil B.  |q (Cecil Brown),  |d 1901- 
999 |a MARS 
999 f f |s 9a897f18-dc67-30ff-9cb6-ed6bfc870e6b  |i 503e5ef6-c8aa-333f-86e1-9cc0982e7c47  |t 0 
952 f f |p ric  |a Texas A&M University  |b Rellis Campus  |c Joint Library Facility  |s JLF  |d Remote Storage  |t 0  |e PE1478 .B3  |h Library of Congress classification  |i unmediated -- volume  |m A14801193049 
998 f f |a PE1478 .B3  |t 0  |l Remote Storage